000 00451nam a22001457a 4500
020 _a9789698372682
082 _a332.4
_bZAI
100 _aZaidi, Syed Shabbar
245 _aForeign Exchange Regulations of Pakistan:
_bacquisition & disposal of shares & securities /
_cSyed Shabbar Zaidi
260 _aUnited Kingdom :
_bThe House,
_c2023.
300 _a167 p.
563 _aPB.
650 _aLaw, Foreign Exchange
_9128092
942 _2ddc
_cBK
999 _c613122
_d613122